000 00368nam a2200157Ia 4500
008 221030s9999 xx 000 0 und d
020 _a8125909524
041 _aEnglish
082 _a105.23
_bSax
100 _aS. Saxena
245 0 _aMS Office 2000 for Everyone
260 _bVikas Pub House
_aNew Delhi
_c2003
300 _a49
650 _aComputers
942 _cBK
999 _c2203
_d2203